=LDR 00000nam 2200000 4500 =001 INLIS000000000056121 =005 20200819094451 =035 ##$$a 0010-0820000262 =008 200819################g##########0#ind## =041 ##$$a Ind =082 ##$$a 2x9.7 =090 ##$$a 2x9.7, Bas k =100 1#$$a Basya, abdurrahman Ra'fat =245 1#$$a Kepahlawanan generasi sahabat Rasulullah SAW jilid 4 /$c Abdurrahman Ra'fat Basya ; alih bahasa, H. Ma'mur Daud =260 ##$$a Jakarta :$b Media Da'wah,$c 2002 =300 ##$$a 156 hlm, ; $c 19 x 13 cm. =650 #4$$a Sejarah Islam - Sahabat Rasulullah =020 ##$$a 979-8736-35-6 =084 ##$$a 2x9.7 BAS k =250 ##$$a cet.2 =700 #$$a Ma'mur Daud =990 ##$$a 169.633/pb-2002